| 000 | 00763nam a2200205 4500 | ||
|---|---|---|---|
| 001 | 107207 | ||
| 003 | ES-MaACL | ||
| 005 | 20231227200023.0 | ||
| 007 | t| | ||
| 008 | 061121s1958 sp r ||||1| spa d | ||
| 100 | 1 |
_aMorales Pleguezuelo, M. _983068 |
|
| 245 | 1 | 3 |
_aLa citología real de los ganglios linfáticos _b: estudio comparado / _cpor M. Morales Pleguezuelo ; prólogo del prof. Jiménez Díaz. |
| 260 |
_aMadrid : _bPaz Montalvo, _c1958. |
||
| 300 |
_a165 p., lám. col. I-IV : _bil ; _c24 cm. |
||
| 500 | _aPrecede al tit.: Instituto de Investigaciones Clínicas y Médicas. | ||
| 505 | 8 | _aContiene: Monografía nº 4. | |
| 700 | 1 |
_aJiménez Díaz, Carlos, _d1898-1967 _966515 |
|
| 852 |
_aES-MaACL _jC-14909 _bR.42613 |
||
| 999 |
_c107207 _d107207 |
||